00435nam a2200145Ia 4500100002900000942000700029654001300036245004300049260003300092082001700125300000800142546001200150999001700162952011000179 aPlastock/ Roy/ Kalley/G  cBK acomputer aTheory & problems of Computer Graphics bMc Graw HillaNew Yorkc1986 a6.6bPLA/KAL a340 aENGLISH c30635d30635 001040708CRCaCRCEbCRCEd2023-03-17g157.55l0o6.6 PLA/KALp1440r2023-03-17v157.55w2023-03-17yBK